| 000 | 00979nam a22002057a 4500 | ||
|---|---|---|---|
| 999 |
_c34832 _d34832 |
||
| 003 | OSt | ||
| 005 | 20240701170742.0 | ||
| 008 | 150409b2024 slv spa | ||
| 040 | _cBMC | ||
| 082 | _a004.1 | ||
| 100 | 1 |
_948329 _aGarcía Sandoval, Laura Sofía |
|
| 245 | 1 | 0 |
_aPasantía de asistente del sistema de gestión de calidad, en Implementos Agrícolas Centroamericanos (IMACASA), Santa Ana _b: informe final _cLaura Sofía García Sandoval |
| 260 |
_aSanta Ana (El Salvador) _bUniversidad Católica de El Salvador _c2024 |
||
| 300 |
_a1 v. (pág. var.) _c28 cm _e+ 1 disco compacto _bil. col. |
||
| 500 | _aPrecede al tít.: Universidad Católica de El Salvador, Facultad de Ciencias Empresariales | ||
| 502 | _aTrabajo de graduación para optar al grado académico de Licenciatura en Sistemas Informáticos Administrativos | ||
| 650 | 2 | 4 |
_92031 _aInformática |
| 710 | 2 |
_91067 _aUniversidad Católica de El Salvador _bFacultad de Ciencias Empresariales |
|
| 942 |
_2ddc _cTG |
||